000 00491nam a2200181Ia 4500
003 GCL
008 140319s9999 xx 000 0 eng d
040 _aGCL /
_cGCL
082 0 4 _a005.13
_bP U
100 1 _aPERSON, RON
245 1 0 _aUSING EXCEL FOR WINDOWS 95: THE MOST COMPLETE REFERENCE /
_cPERSON, RON
260 _a[S.N] :
_bQUE ،
_c1995
300 _a23 CM ؛
_c1211 P
650 0 4 _aEXCEL WINDOWS
650 0 4 _aCOMPUTER - PROGRAMMERS
650 0 4 _aWINDOWS 95
942 _2ddc
_cBK
999 _c13608
_d13608